<?xml version="1.0" encoding="UTF-8"?>
<collection xmlns="http://www.loc.gov/MARC21/slim">
    <record>
        <controlfield tag="001">39941</controlfield>
        <controlfield tag="005">20170831220344.0</controlfield>
        <datafield tag="037" ind1=" " ind2=" ">
            <subfield code="a">GDOC-2013-2735</subfield>
        </datafield>
        <datafield tag="041" ind1=" " ind2=" ">
            <subfield code="a">spa</subfield>
        </datafield>
        <datafield tag="100" ind1=" " ind2=" ">
            <subfield code="0">(orcid)0000-0001-5687-6704</subfield>
            <subfield code="a">Osta Pinzolas, María Rosario</subfield>
        </datafield>
        <datafield tag="245" ind1="0" ind2="0">
            <subfield code="9">62201</subfield>
            <subfield code="a">Alimentos para el ganado y tecnología de fabricación de piensos: composición, calidad y seguridad</subfield>
        </datafield>
        <datafield tag="260" ind1=" " ind2=" ">
            <subfield code="a">Zaragoza</subfield>
            <subfield code="b">Universidad de Zaragoza</subfield>
            <subfield code="c">2013-2014</subfield>
        </datafield>
        <datafield tag="520" ind1=" " ind2=" ">
            <subfield code="a">Esta asignatura aporta al estudiante unos conocimientos y habilidades básicos para un profesional de la nutrición animal, para que pueda utilizar adecuadamente los alimentos para el ganado y garantizar una nutrición óptima de los animales, dominando los diferentes tipos de materias primas y alimentos elaborados disponibles, la determinación de su valor nutricional, los factores que afectan a su conservación y calidad, y la tecnología de fabricación de piensos. El tratamiento de los temas se enmarca en un contexto de sostenibilidad de la producción y de obtención de productos seguros y de alta calidad. Las prácticas desarrolladas en laboratorio permiten que el estudiante se capacite en la evaluación práctica de los estándares de calidad y seguridad de los alimentos para el ganado y las visitas técnicas del programa le acercan a la realidad del funcionamiento de la industria de fabricación de piensos.</subfield>
        </datafield>
        <datafield tag="521" ind1=" " ind2=" ">
            <subfield code="9">627</subfield>
            <subfield code="a">Máster Universitario en Nutrición animal</subfield>
        </datafield>
        <datafield tag="540" ind1=" " ind2=" ">
            <subfield code="a">by-nc-sa</subfield>
            <subfield code="b">Creative Commons</subfield>
            <subfield code="c">3.0</subfield>
            <subfield code="u">http://creativecommons.org/licenses/by-nc-sa/3.0/</subfield>
        </datafield>
        <datafield tag="700" ind1=" " ind2=" ">
            <subfield code="0">(orcid)0000-0002-3320-9295</subfield>
            <subfield code="a">Carramiñana Esteban, Juan José</subfield>
        </datafield>
        <datafield tag="700" ind1=" " ind2=" ">
            <subfield code="0">(orcid)0000-0001-6325-7100</subfield>
            <subfield code="a">Ariño Moneva, Agustín Alejandro</subfield>
        </datafield>
        <datafield tag="700" ind1=" " ind2=" ">
            <subfield code="0">(orcid)0000-0003-3289-2675</subfield>
            <subfield code="a">Rodellar Penella, Clementina</subfield>
        </datafield>
        <datafield tag="700" ind1=" " ind2=" ">
            <subfield code="0">(orcid)0000-0002-9463-0753</subfield>
            <subfield code="a">Guada Vallepuga, José Antonio</subfield>
        </datafield>
        <datafield tag="830" ind1=" " ind2=" ">
            <subfield code="9">347</subfield>
        </datafield>
        <datafield tag="856" ind1="4" ind2=" ">
            <subfield code="s">57337</subfield>
            <subfield code="u">http://zaguan.unizar.es/record/39941/files/guia.pdf</subfield>
            <subfield code="y">Guía (idioma español)</subfield>
        </datafield>
        <datafield tag="980" ind1=" " ind2=" ">
            <subfield code="a">GDOC</subfield>
            <subfield code="b">Ciencias de la salud</subfield>
            <subfield code="c">105</subfield>
        </datafield>
    </record>

    
</collection>